| 000 | 00510nam a22001937a 4500 | ||
|---|---|---|---|
| 003 | OSt | ||
| 005 | 20140310181839.0 | ||
| 008 | 130708t xxu||||| |||| 00| 0 eng d | ||
| 020 | _a9780540063796 | ||
| 050 |
_aG 1021 _b.Es78 1996 |
||
| 082 |
_aREF 912.21 _bEs74 1996 |
||
| 245 | _aEssential world atlas / | ||
| 260 |
_aLondon : _bGeorge Philip Limited, _c1996. |
||
| 300 |
_a272 p. : _bill. col. ; _c19 cm. |
||
| 521 | _aBasic Ed.Students | ||
| 541 | _j1 | ||
| 562 | _e1 | ||
| 942 |
_2lcc _cBK-GR _kREF |
||
| 999 |
_c4823 _d4823 |
||